000 00574nam a2200229Ia 4500
003 OSt
005 20220924133727.0
006 a|||||r|||| 00| 0
007 ta
008 220923b |||||||| |||| 00| 0 mal d
024 _a268425
037 _cTextual
040 _aARTS
_cARTS
_bmal
041 _2mal
_amal
082 _aO32,3N21,16, L2
100 _aSurendran
_9207204
245 0 _aMoranam durbhalam
260 _c1972
650 _aMALAYALAM LITERATURE
_938866
942 _hO32,3N21,16, L2
_cTEXL
_2CC
999 _c434972
_d434972